• 首页
  • 本馆介绍
  • 公告通知
  • 最新文献
  • 馆藏检索
  • 电子资源
  • 读者荐购
  • 参考咨询
  • CALIS
  • 我的图书馆
  • 登录
  • 详细信息显示
  • 放入我的书架
  • 预约/预借图书
  • 作者相关作品
  • 分类相关作品
  • 丛书相关作品
  • 出版社相关作品

书目信息

  • 表格格式
  • 工作单格式
  • 卡片格式
题名:
高层与公共建筑施工实例
    
 
作者: 黄宗襄 主编
分册:  
出版信息: 上海   同济大学出版社  1999.05
页数: 267页
开本: 16开
丛书名:
单 册:
中图分类:
科图分类:
主题词: 高层建筑--工程施工 , 高层建筑--工程施工--工程机械 , 高层建筑--工程施工--施工机具 , 高层建筑--工程施工--设备
电子资源:
ISBN: 7-5608-2021-2
 
 
 
 
 
000 00738nam0 2200241 45
001 9909141755
005 20000928062020.3
010    @a7-5608-2021-2@d26.00元
100    @a19990914d1999 km y0chiy0120 ea
101    @achi
105    @a z 000yy
200 1  @a高层与公共建筑施工实例@AGao Ceng Yu Gong Gong JianZhu Shi Gong Shi Li@f黄宗襄主编@FHuang Zong Xiang Zhu Bian
210    @a上海@c同济大学出版社@d1999.05
215    @a267页@d16开
606 0  @a高层建筑@x工程施工
606 0  @a高层建筑@x工程施工@x工程机械
606 0  @a高层建筑@x工程施工@x施工机具
606 0  @a高层建筑@x工程施工@x设备
690    @v3
690    @aTU974@v3
701    @a黄宗襄@4主编
801    @aCN@bPFTUser@c19990914
905    @dTU974@eH904@b404298-302@f5
    
    高层与公共建筑施工实例/黄宗襄主编.-上海:同济大学出版社,1999.05
    267页;16开
    
    
    ISBN 7-5608-2021-2:26.00元
    
●
相关链接 在E读中查询图书 在当当中查询图书 在豆瓣中查询图书


正题名:高层与公共建筑施工实例     索取号:TU974/H904         预约/预借

序号 登录号 条形码 馆藏地/架位号 状态 备注
1 404298   204042981   自科二线404/404自科库 18排4列1层/ [索取号:TU974/H904] 在馆    
2 404299   204042990   自科二线404/404自科库 19排2列3层/ [索取号:TU974/H904] 在馆    
3 404300   204043007   自科二线404/404自科库 19排2列3层/ [索取号:TU974/H904] 在馆    
4 404301   204043016   自科二线404/404自科库 19排2列3层/ [索取号:TU974/H904] 在馆    
5 404302   204043025   自科二线404/404自科库 19排1列2层/ [索取号:TU974/H904] 在馆    
6 404303   204043034   自科二线404/404自科库 19排4列5层/ [索取号:TU974/H904] 在馆    
7 404304   204043043   建筑库201/201建筑库 57排6列2层/ [索取号:TU974/H904] 在馆    
8 404305   204043052   自科二线404/404自科库 19排1列1层/ [索取号:TU974/H904] 在馆    
9 404306   204043061   自科二线404/404自科库 19排1列5层/ [索取号:TU974/H904] 在馆    
10 404307   204043070   自科二线404/404自科库 19排4列3层/ [索取号:TU974/H904] 在馆    
河南城建学院图书馆 欢迎您!
大连网信软件有限公司© 版权所有